El mundo medieval: Europa 1100-1350
Guardat en:
| Autor principal: | |
|---|---|
| Format: | Llibre |
| Idioma: | espanyol |
| Publicat: |
Madrid
Guadarrama
1963
|
| Matèries: | |
| Etiquetes: |
Afegir etiqueta
Sense etiquetes, Sigues el primer a etiquetar aquest registre!
|
MARC
| LEADER | 00000nam a2200000 a 4500 | ||
|---|---|---|---|
| 001 | UCV9304 | ||
| 003 | CL-VaPUC | ||
| 008 | 920805e19630000SP |||||||||||||||||spa|d | ||
| 082 | 0 | 4 | |a 940.17 |b HEE |2 21 |
| 100 | |a Heer, Friedrich |e author |9 589334 | ||
| 245 | 1 | 3 | |a El mundo medieval: Europa 1100-1350 |
| 300 | |a 505 p | ||
| 942 | |c BK | ||
| 945 | |d 19920805 00:00:00 | ||
| 260 | |a Madrid |b Guadarrama |c 1963 | ||
| 650 | 0 | |a Historia medieval |9 258042 | |
| 650 | 0 | |a Edad media |9 267938 | |
| 583 | |a last modification |c 19920805 00:00:00 |k Rodrigo Vera | ||
| 999 | |c 214665 |d 214663 | ||
| 952 | |0 0 |1 0 |4 0 |6 940_170000000000000_HEE_1963 |7 0 |8 P |9 198286 |a BIBARQ |b BIBARQ |d 2019-11-14 |i 2657899 |o 940.17 HEE 1963 |p 2657899 |r 2025-01-20 |w 2019-11-14 |y BK |k ARQ | ||
| 952 | |0 0 |1 0 |4 0 |6 940_170000000000000_HEE_1963 |7 0 |8 A |9 198287 |a BIBHIS |b BIBHIS |d 2019-11-14 |i 126236K |o 940.17 HEE 1963 |p 126236K |r 2025-01-20 |w 2019-11-14 |y BK |k HIS | ||